• 首页
  • 本馆介绍
  • 公告通知
  • 最新文献
  • 馆藏检索
  • 电子资源
  • 读者导购
  • 参考咨询
  • 我的图书馆
  • 登录
  • 详细信息显示
  • 放入我的书架
  • 预约/预借图书
  • 作者相关作品
  • 分类相关作品
  • 丛书相关作品
  • 出版社相关作品

书目信息

  • 表格格式
  • 工作单格式
  • 卡片格式
题名:
中国近代职业教育思想研究
    
 
作者: 刘桂林 著
分册:  
出版信息: 北京   高等教育出版社  1997.10
页数: 288页
开本: 20cm
丛书名: 高校文科博士文库
单 册:
中图分类: G710
科图分类:
主题词: 教育--类型
电子资源:
ISBN: 7-04-006324-7
000 00702nam0 2200229 45
001 0012050816
005 20040429090049.6
010    @a7-04-006324-7@dCNY26.30
100    @a20001205d1997 km y0chiy0120 ea
101 0  @achi
105    @a z 000yy
200 1  @a中国近代职业教育思想研究@AZhong Guo Jin Dai Zhi Ye Jiao Yu Si Xiang Yan Jiu@f刘桂林著@FLiu Gui LinZhu
210    @a北京@c高等教育出版社@d1997.10
215    @a288页@d20cm
225    @a高校文科博士文库@f奚广庆主编
410    @12001 @a高校文科博士文库
410    @1700 0@a奚广庆@AXi Guang Qing@4主编
606 0  @a教育@x类型
690    @aG710@v1
701  0 @a刘桂林@4著
801    @aCN@bTSTC@c20001205
905    @dG710@e11@f2@b293645-646
    
    中国近代职业教育思想研究/刘桂林著.-北京:高等教育出版社,1997.10
    288页;20cm.-(高校文科博士文库/奚广庆主编)
    
    
    ISBN 7-04-006324-7:CNY26.30
    
●
相关链接 在E读中查询图书 在五车中查询图书 在当当中查询图书 在豆瓣中查询图书


正题名:中国近代职业教育思想研究     索取号:G710/11         预约/预借

序号 登录号 条形码 馆藏地/架位号 状态 备注
1 0293645   002936452   第四借阅区/ [索取号:G710/11] 在馆    
2 0293646   002936461   第四借阅区/ [索取号:G710/11] 在馆    
3 0293647   002936470   第一样本阅览室/ [索取号:G710/11] 在馆    
唐山师范学院图书馆 欢迎您!
大连网信软件有限公司© 版权所有